Statistics for Animals A-Z

Click here to take the quiz!

General Stats

  • This quiz has been taken 193 times
  • The average score is 21 of 24

Answer Stats

HintAnswer% Correct
BVery large; types include polar, black, grizzlyBear
100%
ASwamp animals, commonly confused with crocodilesAlligator
97%
EGreyish color, has tusksElephant
94%
HFarm animal that jockies rideHorse
94%
JThird largest feline, orange with brown spots, name of car brandJaguar
94%
ZHas black and white stripes, has the shape of a horseZebra
94%
FPink wading birdFlamingo
93%
KAustralian marsupial that lives in treesKoala
93%
DSea mammal, very smartDolphin
92%
LBig cat, orange with small black spots, fastLeopard
92%
PAquatic, flightless bird, Happy FeetPenguin
92%
TType of big cat, commonly orange and blackTiger
92%
OFast, flightless birdOstrich
90%
WLarge sea mammal, types include blue, killer, ShamuWhale
90%
RVery large, has a horn, often greyish colorRhinoceros
89%
SBlack and white, small, stinkySkunk
87%
YLarge Himalayan animal, higher classification is oxYak
86%
IReptile, herbivorous lizardIguana
83%
VLarge, very vicious birdVulture
83%
CAsked Mike what day it was- Hump Day!Camel
81%
MSmart, primate, consisting of 260 known living speciesMonkey
81%
QSmall but fat birdQuail
81%
NSmall, semiaquatic amphibian, salamander, name of guy on Maze RunnerNewt
80%
GType of antelope, fast, prey of tigersGazelle
76%

Score Distribution

Percentile by Number Answered

Percent of People with Each Score

Your Score History

You have not taken this quiz